00527nam a2200181Ia 450000500170000000800410001702000290005804000190008704100120010608200150011824500900013326000410022330000120026450400190027665000170029570000220031285000110033420231121101034.0140110s9999 xx 000 0 und d a9788184353273cRs.825.00 aLoreto College aEnglish a323 bSIN aGlobalisation and Human Rights in IndiacEdited by Neelima Singh and Ranjana Tripathi aNew DelhibAdhyayan Publishersc2012 ax,278p  aIncludes index aHuman rights aSingh,Neelima,ed. aLCLIB